|
|
|
|
| LEADER |
00000nab a2200000ua 4500 |
| 001 |
vtls010783505 |
| 003 |
SK-MaSNL |
| 005 |
20260303102700.0 |
| 008 |
230121s1988 xo |||||||||||||||||slo| |
| 035 |
|
|
|a (urnnbn)urn:nbn:sk:snk:ar-004hgg
|
| 035 |
|
|
|a (uuid)7e3e0083-3c8a-4264-9c02-a8db4496474d
|
| 035 |
|
|
|a urn:nbn:sk:snk-ab43po
|
| 040 |
|
|
|a SNKBUCL
|b slo
|c SNKBUCL
|e AACR2
|
| 041 |
0 |
|
|a slo
|
| 044 |
|
|
|a xo
|c SK
|
| 100 |
1 |
|
|a Masár, Ivan,
|d 1930-2008
|4 aut
|9 13367
|
| 245 |
1 |
0 |
|a Z besedy o jazyku inzertných rubrík
|c Ivan Masár
|
| 773 |
0 |
|
|t Kultúra slova : vedecko-popularizačný časopis pre jazykovú kultúru a terminológiu : orgán Jazykovedného ústavu Ľudovíta Štúra SAV, Jazykového odboru Matice slovenskej a Ústrednej jazykovej rady
|g Roč. 22, č. 1 (1988), s. 29-30
|
| 954 |
|
|
|a odborná, vedecká literatúra pôvodná (slovenská)
|2 lita
|
| 958 |
|
|
|a OND
|
| 958 |
|
|
|a EUIPO
|
| 958 |
|
|
|a article3
|
| 999 |
|
|
|c 1844091
|d 1846021
|